| 000 | 00990am a2200349a 44500 | ||
|---|---|---|---|
| 003 | AR-BaBNM | ||
| 005 | 20251128211115.0 | ||
| 008 | 282120s2001 #AR|||||||||||000 | esp|| | ||
| 020 | _a950-506-342-3 | ||
| 040 | _cAR-BaBNM | ||
| 100 | 1 | _aGarcía Negroni, María Marta | |
| 245 | 1 | 0 |
_aEl arte de escribir bien en español _bmanual de corrección de estilo |
| 260 |
_aBuenos Aires _bEdicial _c2001 |
||
| 300 | _a629 p. | ||
| 490 | 0 | _aEdicial Universidad. Lengua - Lingüística - Comunicación | |
| 500 | _aContiene índice analítico | ||
| 504 | _aReferencias bibliográficas en p. 569 | ||
| 650 | 4 | _aGRAMATICA | |
| 650 | 4 | _aSINTAXIS | |
| 650 | 4 | _aSEMANTICA | |
| 650 | 4 | _aMORFOLOGIA [LINGUISTICA] | |
| 650 | 4 | _aESPAÑOL | |
| 650 | 4 | _aLEXICOGRAFIA | |
| 650 | 4 | _aVOCABULARIO | |
| 650 | 4 | _aORTOGRAFIA | |
| 650 | 4 | _aUSO LINGUISTICO | |
| 700 | 1 | _aStern, Mirta | |
| 700 | 1 | _aPérgola, Laura | |
| 800 | 1 |
_aArnoux, Elvira _edirector |
|
| 942 | _cBK | ||
| 998 | _cmartín | ||
| 999 |
_c18258 _d18258 |
||